000 01450nam0a22003851 4500
001 v19\rc\1982565
005 20251118181231.6
035 _a(NLR Aleph) 005069992
090 _a7085389
_c7085389
100 _a20080623d1914 |||y0rusy50 ca
101 1 _arus
_ceng
102 _aRU
105 _aa z |||a|
200 1 _aКоридорные
_e[Рассказ]
_fЧарльз Робертс
_gПер. с англ. В. Гатцука
210 _aМосква
_cТип. К.Л. Меньшова
_d1914
215 _a27 с.
_cил.
_d19
225 1 _aДешевая библиотека для семьи и школы
311 _aБеспл. прил. к журн. "Юная Россия", № 4, 1914
316 _aЭкз. РНБ (2/299): приплетено...
_5NLR: 2/299
422 0 _12001#$aЮная Россия$v1914, № 4
482 0 _12001#$aЮная Россия$v1914, № 4
532 1 3 _aКоридорные
700 1 _6z01790
_aРобертс
_bЧ. Д. Д.
_f1860-1943
_gЧарлз Джордж Дуглас
702 1 _aГатцук
_bВ. А.
_gВладимир Алексеевич
_4730
790 1 _6z01700
_aРобертс
_bЧ.
_f1860-1943
_gЧарльз
801 0 _aRU
_bNLR
_gpsbo
801 0 _aRU
_bRuMoRGB
_2psbo
801 1 _aRU
_bProSoft-M
_2rusmarc
852 _aNLR
_j2/299
899 _aRuMoRGB
_jV 121/1544
899 _aRuMoRGB
_jV 453/751
899 _aБАН
942 _cBOOK
980 _aNB